[Event "Berlin Lichtenrade op 15th"]
[Site "Berlin"]
[Date "2019.10.19"]
[Round "8"]
[White "Budt, Matthias"]
[Black "Casado Perez, Miguel"]
[Result "1-0"]
[WhiteElo "2188"]
[BlackElo "1898"]
[PlyCount "47"]
[EventDate "2019.10.12"]
[EventType "swiss"]
[EventRounds "9"]
[EventCountry "GER"]
[SourceTitle "CBM 195 Extra"]
[Source "ChessBase"]
[SourceDate "2020.05.31"]
[SourceVersion "1"]
[SourceVersionDate "2020.05.31"]
[SourceQuality "1"]

1. d4 Nf6 2. Nf3 e6 3. c4 b6 4. g3 Ba6 5. Qc2 c5 6. d5 exd5 7. cxd5 Bb7 8. Bg2 Bxd5 9. 0-0 Be7 10. Nc3 Bb7 11. Rd1 0-0 12. e4 Nc6 13. e5 Ne8 14. Qf5 d6 15. Qh5 f6 16. Nh4 Na5 17. Nd5 fxe5 18. Be4 Nf6 19. Nxf6+ Rxf6 20. Bxh7+ Kf8 21. Ng6+ Rxg6 22. Bxg6 Bf6 23. Bg5 Nc6 24. Qh8+ 1-0

[Event "Madrid San Viator op 13th"]
[Site "Madrid"]
[Date "2009.11.01"]
[Round "6"]
[White "Casado Perez, Miguel"]
[Black "Fernandez del Rio, Sergio"]
[Result "1/2-1/2"]
[WhiteElo "1892"]
[BlackElo "1954"]
[PlyCount "113"]
[EventDate "2009.09.27"]
[EventType "swiss"]
[EventRounds "9"]
[EventCountry "ESP"]
[SourceTitle "EXT 2010"]
[Source "ChessBase"]
[SourceDate "2010.11.25"]
[SourceVersion "1"]
[SourceVersionDate "2010.11.25"]
[SourceQuality "1"]

1. d4 Nf6 2. c4 e6 3. Nf3 c5 4. d5 exd5 5. cxd5 d6 6. Nc3 g6 7. e4 Bg7 8. Be2 0-0 9. 0-0 Re8 10. Qc2 Bg4 11. Bg5 h6 12. Bh4 Na6 13. a3 Nc7 14. Rad1 b5 15. h3 Bxf3 16. Bxf3 b4 17. Nb1 Nb5 18. Nd2 Nd4 19. Qd3 bxa3 20. bxa3 Qa5 21. Nc4 Qa6 22. Bg3 Bf8 23. e5 Nxf3+ 24. Qxf3 Qxc4 25. Qxf6 Bg7 26. Qxd6 Rad8 27. Qc6 Bxe5 28. Bxe5 Rxe5 29. d6 Qe6 30. Qc7 Rd7 31. Qc6 c4 32. Rc1 Rxd6 33. Qxc4 Qxc4 34. Rxc4 Ra6 35. a4 Re2 36. Rd1 Rf6 37. Rf1 Ra2 38. f4 Ra6 39. f5 g5 40. Rc8+ Kg7 41. f6+ Kh7 42. Rf8 R2xa4 43. Rxf7+ Kg8 44. Rc7 Rf4 45. f7+ Kf8 46. Rxf4 gxf4 47. Kf2 Ra3 48. h4 a5 49. Ra7 a4 50. Ra6 Kxf7 51. Rxh6 Rb3 52. Ra6 a3 53. h5 Kg7 54. Kg1 Rc3 55. Kf1 Rb3 56. Kg1 Rc3 57. Kf1 1/2-1/2